European property cycle monitor (Record no. 108544)

MARC details
000 -LEADER
fixed length control field 01356cad a22002895a 4500
001 - CONTROL NUMBER
control field L144556
008 - FIXED-LENGTH DATA ELEMENTS--GENERAL INFORMATION
fixed length control field 070828s2008 xxkd f s 000 0 eng d
035 ## - SYSTEM CONTROL NUMBER
System control number (Sirsi) u144556
041 0# - LANGUAGE CODE
Language code of text/sound track or separate title eng
050 04 - LIBRARY OF CONGRESS CALL NUMBER
Classification number 333.33 $2 18
100 1# - MAIN ENTRY--PERSONAL NAME
Personal name Topintzi, Ermina
245 00 - TITLE STATEMENT
Title European property cycle monitor
Remainder of title July 2008
Medium [electronic resource]
260 ## - PUBLICATION, DISTRIBUTION, ETC.
Place of publication, distribution, etc. London
Name of publisher, distributor, etc. RREEF
Date of publication, distribution, etc. 2008
490 #0 - SERIES STATEMENT
Series statement European Property Cycle Monitor
Volume/sequential designation July 2008
520 ## - SUMMARY, ETC.
Summary, etc. Reports that the European office market grew strongly in 2007, but expects 2008 to see a slowdown in the rate of growth. Finds that European shopping centres face several challenges; profits are under pressure and there is some oversupply. The rental growth outlook is positive, but weak. Reports that the growth prospect for the Western European industrial market is weak, whilst oversupply remains the biggest risk in other Central and Eastern European markets.
590 ## - LOCAL NOTE (RLIN)
Local note KA
650 24 - SUBJECT ADDED ENTRY--TOPICAL TERM
Topical term or geographic name entry element EUROPEAN PROPERTY CYCLE MONITOR
651 #4 - SUBJECT ADDED ENTRY--GEOGRAPHIC NAME
Geographic name Europe
690 ## - LOCAL SUBJECT ADDED ENTRY--TOPICAL TERM (OCLC, RLIN)
Topical term or geographic name as entry element PROPERTY-COMMERCIAL PROPERTY-COMMERCIAL PROPERTY MARKET
700 1# - ADDED ENTRY--PERSONAL NAME
Personal name Vaeth, Maren
700 1# - ADDED ENTRY--PERSONAL NAME
Personal name Lowik, Lonneke
700 1# - ADDED ENTRY--PERSONAL NAME
Personal name Chin, Henry
700 1# - ADDED ENTRY--PERSONAL NAME
Personal name Hobbs, Peter
710 2# - ADDED ENTRY--CORPORATE NAME
Corporate name or jurisdiction name as entry element Deutsche Bank
Subordinate unit RREEF
-- Real Estate Research
9 (RLIN) 5322
856 40 - ELECTRONIC LOCATION AND ACCESS
Uniform Resource Identifier <a href="https://www.rreef.com">https://www.rreef.com</a>
Public note View the report free of charge at www.rreef.com...
942 ## - ADDED ENTRY ELEMENTS (KOHA)
Suppress in OPAC 0
Holdings
Withdrawn status Lost status Source of classification or shelving scheme Damaged status Not for loan Home library Current library Shelving location Date acquired Total Checkouts Full call number Barcode Date last seen Copy number Price effective from Koha item type
    Dewey Decimal Classification     Virtual Virtual Online 28/07/2008   ONLINE PUBLICATION 144556-2001 06/08/2019 1 06/08/2019 Book